2021 Junior Eurovision Song Contest Countries Quiz - Statistics

General Stats
  • This quiz has been taken 322 times
  • The average score is 16 of 19
Answer Stats
Place Song Artist(s) Country % Correct
1 Qami Qami (Քամի Քամի) Maléna Armenia
99%
3 Tic Tac Enzo France
94%
2 Somebody Sara James Poland
91%
15 Reír Levi Díaz Spain
86%
6 Vazhil (Важіль) Olena Usenko Ukraine
86%
7 Mon Ami Tanya Mezhentseva Russia
85%
10 Specchio (Mirror on the Wall) Elisabetta Lizza Italy
84%
4 Let's Count The Smiles Nikoloz Kajaia Georgia
83%
17 Imagine Us Pauline Germany
83%
11 O Rapaz Simão Oliveira Portugal
83%
5 One of Those Days Sona Azizova Azerbaijan
80%
8 Ertegı älemı (Fairy World) (Ертегі әлемі) Alinur Khamzin and Beknur Zhanibek Kazakhstan
80%
9 Green Forces Dajte Muzika North Macedonia
79%
13 Oči Deteta (Children's Eyes) (Очи Детета) Jovana and Dunja Serbia
79%
19 Mata Sugu Aō Ne (またすぐ会おうね) Ayana Netherlands
78%
14 Stand By You Anna Gjebrea Albania
77%
12 My Home Ike and Kaya Malta
77%
18 Saor (Disappear) Maiú Levi Lawlor Ireland
75%
16 Voice of Love Denislava and Martin Bulgaria
73%
No matching quizzes found
Score Distribution
Percent of People with Each Score
Percentile by Number Answered
Your Score History
You have not taken this quiz